Statistics for F1 Famous Quotes #3

Click here to take the quiz!

General Stats

  • This quiz has been taken 32 times
  • The average score is 8 of 16

Answer Stats

QuoteAnswer% Correct
Stop inventing! Stop inventingCarlos Sainz
83%
It's Friday then, it's Saturday, Sunday, what!?Lando Norris
83%
Mein Gott! Muss das sein!Sebastian Vettel
83%
Yeah, I was having a s**tKimi Raikkonen
79%
I did a s**ty job, I did a s**ty job. That's itCharles Leclerc
75%
And for anyone who thought I left... I never leftDaniel Ricciardo
71%
I thought I would be a go-kart mechanic - not an F1 driverFernando Alonso
67%
What did we just do?! AAAAHHHPierre Gasly
50%
I always thought records were there to be brokenMichael Schumacher
46%
Vinci e dici una cosa così!Felipe Massa
42%
I think Ericcson hit usRomain Grosjean
42%
Nuppy we did it! Nuppyyyy we did it!Nico Rosberg
38%
Being second is to be the first of the ones who loseAyrton Senna
25%
If I feel like something's gonna be right, I invest in it, whatever it isBernie Ecclestone
8%
I do not speak English so good but I speak the driving very wellEmerson Fittipaldi
8%
To hell with safety, all I want to do is raceJames Hunt
8%

Score Distribution

Percentile by Number Answered

Percent of People with Each Score

Your Score History

You have not taken this quiz